Lord of the Flies Characters - Statistics

General Stats
  • This quiz has been taken 290 times
  • The average score is 6 of 8
Answer Stats
Description Answer % Correct
Fat, wears glasses, smart Piggy
99%
The leader, close friend of above Ralph
98%
Bossy, "I can sing C sharp" Jack
97%
Jesus-esque, mistaken for beast Simon
95%
Twins, stay by answers 1 and 2 Sam 'n' Eric
82%
Releases rock that kills answer 1 Roger
79%
Supporter of answer 3, aids him on raids Maurice
41%
A "litlun", forgets own name at the end Percival Wemys Madison
8%
No matching quizzes found
Score Distribution
Percent of People with Each Score
Percentile by Number Answered
Your Score History
You have not taken this quiz